000
00340nam a2200145Ia 4500
008
191201s2008 xx 000 0 und d
082
_a
006.3
_b
BEB
100
_a
BERSON, Alex
245
0
_a
Building Data Mining Applications for CRM
250
_a
Rep.
260
_a
N.Delhi
_b
TMH
_c
2008
300
_a
510
650
_a
MBA
942
_2
ddc
_c
BK
999
_c
3928
_d
3928